| 000 | 02693nam a2200337 i 4500 | ||
|---|---|---|---|
| 001 | 991027019325307026 | ||
| 003 | UkOxU | ||
| 007 | t| | ||
| 008 | 240502s2024 enka 000|f eng d | ||
| 020 |
_a9781529936711 _qhardback |
||
| 024 | 8 | _aCIPO000099761 | |
| 035 | _a()9781529936711 | ||
| 035 | _a(StEdALDL)1/4506067 | ||
| 040 |
_aStDuBDS _beng _cStDuBDS _erda _dUkOxU |
||
| 041 | 1 |
_aeng _hjpn |
|
| 100 |
_aIshida, Syou, _d1975- _eauthor. |
||
| 240 | 1 | 0 |
_aNeko o shohō itashimasu. _lEnglish |
| 245 | 1 | 0 |
_aWe'll prescribe you a cat _c/ Syou Ishida ; translated from the Japanese by E. Madison Shimoda. |
| 264 | 1 |
_aLondon : _bDoubleday, _c2024. |
|
| 300 |
_a250 pages ; _c21 cm |
||
| 500 | _aFirst published in Japanese as Neko o shohō itashimasu by PHP Institute, 2023 [title page verso quotes transliterated title as Neko wo shohō itashimasu]. | ||
| 500 | _aIllustrations by Alissa Levy. | ||
| 520 | _aFor fans of The Travelling Cat Chronicles, The Cat Who Saved Books and She and Her Cat, discover the Japanese bestseller that celebrates the healing power of cats. A cat a day keeps the doctor away ... On the top floor of an old building at the end of a cobbled alley in Kyoto lies the Kokoro Clinic for the Soul. Only a select few - those who feel genuine emotional turmoil - can find it. The mysterious centre offers a unique treatment for its troubled patients: it prescribes cats as medication. Get ready to fall in love: - Bee, an eight-year-old female, mixed breed helps a young man deal with the anxiety of a corporate sales job he despises; - Margot, muscly like a lightweight boxer, helps Koga a family man and callcentre worker with severe insomnia; - Koyuki, an exquisite white cat brings closure to Megumi a young mother whose own parents forced her to abandon an adored rescue kitten; - Tank and Tangerine bring peace to a high-flying handbag designer Tomoko, as she learns to let go of her perfectionism and be kinder to herself; - Mimita, the Scottish Fold kitten helps a broken-hearted young Geisha to stop blaming herself for the cat she lost years ago; Follow how each cat brings joy, hope and self-discovery to the human who is lucky enough to have them in this utterly charming, vibrant celebration of the healing power of cats. Containing five exquisite cat line-drawings, discover the inspirational story that has become an international sensation. | ||
| 546 | _aTranslated from the Japanese. | ||
| 650 | 0 |
_aMagical Realism _912856 |
|
| 650 | 0 |
_aJapanese Literature _912858 |
|
| 650 | 0 |
_aCats _vFiction _924146 |
|
| 700 |
_aShimoda, E. Madison, _etranslator. _925076 |
||
| 700 |
_aLevy, Alissa, _eillustrator. _925077 |
||
| 942 | _2lcc | ||
| 999 |
_c4604 _d4604 |
||